[Event "Central America-chT (Women)"]
[Site "Managua"]
[Date "2015.07.30"]
[Round "5.1"]
[White "Gonzalez, Yaribeth"]
[Black "Sanchez, Ingrid"]
[Result "0-1"]
[WhiteElo "1812"]
[BlackElo "2012"]
[PlyCount "90"]
[EventDate "2015.07.27"]
[EventType "team-tourn"]
[EventRounds "5"]
[EventCountry "NCA"]
[SourceTitle "EXT 2016"]
[Source "ChessBase"]
[SourceDate "2015.10.08"]
[SourceVersion "1"]
[SourceVersionDate "2015.10.08"]
[SourceQuality "1"]
[WhiteTeam "Panama (W)"]
[BlackTeam "El Salvador (W)"]
[WhiteTeamCountry "PAN"]
[BlackTeamCountry "ESA"]

1. e4 c5 2. Nf3 d6 3. Bb5+ Bd7 4. Bxd7+ Qxd7 5. d4 cxd4 6. Qxd4 Nc6 7. Qd3 Rc8 8. c4 b5 9. Nbd2 Nf6 10. 0-0 bxc4 11. Qxc4 g6 12. b3 Bg7 13. Bb2 0-0 14. Rab1 a5 15. Qe2 Rfd8 16. Nc4 Qb7 17. Rfd1 Qa6 18. Qe3 a4 19. Nb6 Ng4 20. Qf4 Qxb6 21. Qxg4 Bxb2 22. Rxb2 Ne5 23. Nxe5 dxe5 24. Qe2 a3 25. Rbd2 Rd4 26. h3 Qb4 27. Rxd4 exd4 28. Qa6 Rc2 29. Qa8+ Kg7 30. Qd5 Rxa2 31. Qe5+ f6 32. Qxd4 Qxd4 33. Rxd4 Rb2 34. Ra4 Rxb3 35. Kh2 h5 36. Ra7 Kf7 37. Ra6 h4 38. f3 g5 39. Kg1 Ke8 40. Kf2 Rb2+ 41. Ke3 a2 42. f4 Rxg2 43. fxg5 fxg5 44. Kd4 Kf7 45. Kc5 g4 0-1

[Event "Central America-chT (Women)"]
[Site "Managua"]
[Date "2015.07.29"]
[Round "3.1"]
[White "Mazariegos, Silvia Carolina"]
[Black "Sanchez, Ingrid"]
[Result "1/2-1/2"]
[WhiteElo "1991"]
[BlackElo "2012"]
[PlyCount "83"]
[EventDate "2015.07.27"]
[EventType "team-tourn"]
[EventRounds "5"]
[EventCountry "NCA"]
[SourceTitle "EXT 2016"]
[Source "ChessBase"]
[SourceDate "2015.10.08"]
[SourceVersion "1"]
[SourceVersionDate "2015.10.08"]
[SourceQuality "1"]
[WhiteTeam "Guatemala (W)"]
[BlackTeam "El Salvador (W)"]
[WhiteTeamCountry "GUA"]
[BlackTeamCountry "ESA"]

1. f4 c5 2. Nf3 d5 3. e3 Nc6 4. d4 Bg4 5. c3 e6 6. Bd3 Nf6 7. Nbd2 Bd6 8. 0-0 cxd4 9. cxd4 Rc8 10. a3 a6 11. Qe1 Bf5 12. Qe2 Ne4 13. Bxe4 dxe4 14. Ng5 Be7 15. Ngxe4 0-0 16. g4 Bxe4 17. Nxe4 Na5 18. Bd2 Rc2 19. Qd3 Rxb2 20. Rfb1 Rxb1+ 21. Rxb1 b5 22. Bb4 Bxb4 23. axb4 Nc4 24. Nc5 a5 25. bxa5 Qxa5 26. Kf2 Qa2+ 27. Kg3 Nxe3 28. Rg1 Nd5 29. Rf1 b4 30. f5 exf5 31. Rxf5 Re8 32. Qb5 Re3+ 33. Rf3 Qa8 34. Rxe3 Nxe3 35. Nb7 Qc8 36. h3 Qb8+ 37. Kf3 Nc2 38. Ke4 h6 39. Kd3 Ne1+ 40. Kc4 Nf3 41. Qxb4 Qf4 42. Qc5 1/2-1/2

[Event "Central America-chT (Women)"]
[Site "Managua"]
[Date "2015.07.29"]
[Round "4.1"]
[White "Sanchez, Ingrid"]
[Black "Fernandez, Mirna Graciela"]
[Result "1-0"]
[WhiteElo "2012"]
[BlackElo "1501"]
[PlyCount "73"]
[EventDate "2015.07.27"]
[EventType "team-tourn"]
[EventRounds "5"]
[EventCountry "NCA"]
[SourceTitle "EXT 2016"]
[Source "ChessBase"]
[SourceDate "2015.10.08"]
[SourceVersion "1"]
[SourceVersionDate "2015.10.08"]
[SourceQuality "1"]
[WhiteTeam "El Salvador (W)"]
[BlackTeam "Honduras (W)"]
[WhiteTeamCountry "ESA"]
[BlackTeamCountry "HON"]

1. e4 e5 2. Nf3 Nc6 3. Bb5 a6 4. Ba4 Nf6 5. 0-0 b5 6. Bb3 Bc5 7. c3 0-0 8. d4 exd4 9. cxd4 Be7 10. e5 Ne8 11. Nc3 Na5 12. Bc2 d6 13. Qe2 Bg4 14. Bxh7+ Kxh7 15. Qe4+ Kg8 16. Qxg4 dxe5 17. dxe5 Qc8 18. Qe4 g6 19. Nd5 Bd8 20. Bh6 Ng7 21. Nf6+ Bxf6 22. exf6 Re8 23. Qf4 Nh5 24. Qb4 Nb7 25. Bg5 Qf5 26. Qc3 Nc5 27. h4 Ne4 28. Qxc7 Nhxf6 29. Bxf6 Qxf6 30. b3 Rac8 31. Qd7 Qe6 32. Qd4 Rcd8 33. Qb2 Qd5 34. Rfe1 Re6 35. Re3 Nd2 36. Qxd2 Rxe3 37. Qxe3 1-0

[Event "Central America-chT (Women)"]
[Site "Managua"]
[Date "2015.07.28"]
[Round "2.1"]
[White "Sanchez, Ingrid"]
[Black "Medrano, Maria Luisa"]
[Result "1-0"]
[WhiteElo "2012"]
[BlackElo "1549"]
[PlyCount "83"]
[EventDate "2015.07.27"]
[EventType "team-tourn"]
[EventRounds "5"]
[EventCountry "NCA"]
[SourceTitle "EXT 2016"]
[Source "ChessBase"]
[SourceDate "2015.10.08"]
[SourceVersion "1"]
[SourceVersionDate "2015.10.08"]
[SourceQuality "1"]
[WhiteTeam "El Salvador (W)"]
[BlackTeam "Nicaragua (W)"]
[WhiteTeamCountry "ESA"]
[BlackTeamCountry "NCA"]

1. e4 e5 2. Nf3 Nc6 3. Bb5 a6 4. Ba4 Nf6 5. 0-0 b5 6. Bb3 Be7 7. Re1 d6 8. h3 0-0 9. c3 Na5 10. Bc2 c5 11. d4 cxd4 12. cxd4 Nc6 13. d5 Nb4 14. Bb3 a5 15. a3 Na6 16. Nc3 Bd7 17. Nxe5 dxe5 18. d6 a4 19. Ba2 h6 20. dxe7 Qxe7 21. Qe2 Rab8 22. Be3 Nc5 23. Rac1 Rfc8 24. Nd5 Nxd5 25. exd5 Nb7 26. Rxc8+ Rxc8 27. Bd4 Re8 28. Qf3 Qg5 29. Be3 Qg6 30. Bb1 Qd6 31. Bd2 Nc5 32. Bb4 Qb6 33. Qe3 Rc8 34. Rc1 Qf6 35. Rxc5 Re8 36. Rc7 Bf5 37. Bxf5 Qxf5 38. d6 Rd8 39. Re7 Qb1+ 40. Kh2 Qxb2 41. d7 Kh7 42. Qe4+ 1-0

[Event "Olympiad Women-41"]
[Site "Tromsoe"]
[Date "2014.08.05"]
[Round "4.2"]
[White "Matoussi, Amani"]
[Black "Sanchez, Ingrid"]
[Result "0-1"]
[WhiteElo "1627"]
[BlackElo "2020"]
[PlyCount "80"]
[EventDate "2014.08.02"]
[EventType "team-swiss"]
[EventRounds "11"]
[EventCountry "NOR"]
[SourceTitle "CBM 162"]
[Source "ChessBase"]
[SourceDate "2014.09.17"]
[SourceVersion "1"]
[SourceVersionDate "2014.09.17"]
[SourceQuality "1"]
[WhiteTeam "Tunisia (W)"]
[BlackTeam "El Salvador (W)"]
[WhiteTeamCountry "TUN"]
[BlackTeamCountry "ESA"]

1. d4 d5 2. Nf3 Nf6 3. e3 g6 4. Bd3 Bg7 5. b3 0-0 6. Bb2 Nbd7 7. Nbd2 c6 8. 0-0 Re8 9. Ne5 Nxe5 10. dxe5 Ng4 11. Nf3 Qc7 12. Re1 Nxe5 13. Nxe5 Bxe5 14. Bxe5 Qxe5 15. Qf3 Kg7 16. c4 dxc4 17. Bxc4 Be6 18. Bxe6 Qxe6 19. Red1 Rad8 20. Qf4 Rd6 21. Rxd6 Qxd6 22. Qxd6 exd6 23. Rd1 d5 24. Rd4 Re4 25. Kf1 Rxd4 26. exd4 a5 27. a3 Kf6 28. Ke2 Ke6 29. Kd3 Kd6 30. b4 b6 31. f3 c5 32. bxc5+ bxc5 33. a4 h5 34. Ke3 g5 35. g4 hxg4 36. fxg4 f6 37. h3 cxd4+ 38. Kxd4 Ke6 39. Kd3 Ke5 40. Ke3 d4+ 0-1

[Event "Olympiad Women-41"]
[Site "Tromsoe"]
[Date "2014.08.04"]
[Round "3.2"]
[White "Sanchez, Ingrid"]
[Black "Sikorova, Olga"]
[Result "0-1"]
[WhiteElo "2020"]
[BlackElo "2289"]
[PlyCount "86"]
[EventDate "2014.08.02"]
[EventType "team-swiss"]
[EventRounds "11"]
[EventCountry "NOR"]
[SourceTitle "CBM 162"]
[Source "ChessBase"]
[SourceDate "2014.09.17"]
[SourceVersion "1"]
[SourceVersionDate "2014.09.17"]
[SourceQuality "1"]
[WhiteTeam "El Salvador (W)"]
[BlackTeam "Czech Republic (W)"]
[WhiteTeamCountry "ESA"]
[BlackTeamCountry "CZE"]

1. e4 d5 2. exd5 Nf6 3. d4 Nxd5 4. Nf3 Bg4 5. Be2 e6 6. 0-0 Nc6 7. c3 Bd6 8. h3 Bh5 9. Ne5 Bxe2 10. Qxe2 Bxe5 11. dxe5 Qh4 12. Nd2 0-0-0 13. Nf3 Qh5 14. g4 Qxh3 15. Ng5 Nxc3 16. bxc3 Qxc3 17. Bb2 Qd2 18. Qxd2 Rxd2 19. Rab1 h6 20. Ne4 Rd5 21. f4 Rhd8 22. Kf2 Nb4 23. a3 Nd3+ 24. Kg2 Rb5 25. Bc3 Rxb1 26. Rxb1 Nxf4+ 27. Kf1 b6 28. a4 Rd3 29. Rb4 Rf3+ 30. Kg1 Nd5 31. Rc4 Kd7 32. Bd2 a5 33. Kg2 Ra3 34. Kf2 c5 35. Bc1 Ra2+ 36. Kf3 Nb4 37. Nc3 Rc2 38. Be3 Kc6 39. Bf2 Nd3 40. Bg3 Nb2 41. Rf4 Rxc3+ 42. Kg2 Rd3 43. Rxf7 Rd7 0-1

[Event "Managua Sub zt 2.3.2 (Women)"]
[Site "Managua"]
[Date "2014.04.29"]
[Round "5"]
[White "Sanchez, Ingrid"]
[Black "Alarcon, Pamela"]
[Result "1-0"]
[WhiteElo "2054"]
[BlackElo "1902"]
[PlyCount "107"]
[EventDate "2014.04.27"]
[EventType "swiss"]
[EventRounds "9"]
[EventCountry "NCA"]
[SourceTitle "EXT 2016"]
[Source "ChessBase"]
[SourceDate "2015.10.08"]
[SourceVersion "1"]
[SourceVersionDate "2015.10.08"]
[SourceQuality "1"]

1. e4 e5 2. Nf3 d6 3. d4 Qe7 4. Nc3 c6 5. a4 Nf6 6. Bc4 h6 7. h3 Nbd7 8. Ba2 g5 9. Qe2 Bg7 10. Bd2 Nf8 11. d5 Ng6 12. a5 0-0 13. g3 c5 14. Bc4 Ne8 15. g4 Nf6 16. 0-0-0 Nf4 17. Bxf4 gxf4 18. Rdg1 Nh7 19. h4 Kh8 20. g5 Bd7 21. Nh2 Rg8 22. Qh5 Raf8 23. Ng4 Bxg4 24. Qxg4 Rb8 25. Qf5 Nf8 26. Be2 Ng6 27. Bh5 Qe8 28. gxh6 Bf8 29. Qf6+ Kh7 30. Bxg6+ fxg6 31. h5 g5 32. Rxg5 Rxg5 33. Qxg5 Qf7 34. Rg1 Bxh6 35. Qg6+ Qxg6 36. Rxg6 Rg8 37. Rxg8 Kxg8 38. Nb5 Bf8 39. Nxa7 Kh7 40. c3 c4 41. Nc8 Kh6 42. Nb6 Kxh5 43. f3 Kg6 44. Nxc4 Kf7 45. Kc2 Ke8 46. Kb3 Kd7 47. Ka4 Be7 48. b4 Bh4 49. Kb5 Bf2 50. Nb6+ Kc7 51. c4 Be1 52. c5 Bc3 53. Nc4 Bd4 54. Nxd6 1-0

[Event "Olympiad Women-40"]
[Site "Istanbul"]
[Date "2012.08.30"]
[Round "3.2"]
[White "Sanchez, Ingrid"]
[Black "Terao, Juliana Sayumi"]
[Result "0-1"]
[WhiteElo "1992"]
[BlackElo "2187"]
[PlyCount "96"]
[EventDate "2012.08.28"]
[EventType "team-swiss"]
[EventRounds "11"]
[EventCountry "TUR"]
[SourceTitle "CBM 150 Extra"]
[Source "ChessBase"]
[SourceDate "2012.10.19"]
[SourceVersion "1"]
[SourceVersionDate "2012.10.19"]
[SourceQuality "1"]
[WhiteTeam "El Salvador (W)"]
[BlackTeam "Brazil (W)"]
[WhiteTeamCountry "ESA"]
[BlackTeamCountry "BRA"]

1. e4 c5 2. Nf3 e6 3. d4 cxd4 4. Nxd4 a6 5. Bd3 Nf6 6. Nc3 Qc7 7. Qe2 d6 8. 0-0 Nbd7 9. Nb3 Be7 10. f4 b5 11. a3 0-0 12. Bd2 Bb7 13. Rae1 e5 14. Kh1 Rfe8 15. fxe5 Nxe5 16. Nd4 g6 17. Bg5 Nfg4 18. Bxe7 Qxe7 19. h3 Nf6 20. Qf2 Nh5 21. Be2 Ng7 22. Nd5 Bxd5 23. exd5 Qc7 24. Bf3 Qc5 25. c3 f5 26. Qd2 Nc4 27. Qf2 Ne5 28. Qd2 Nc4 29. Qf2 Re5 30. Rxe5 Nxe5 31. Rd1 Re8 32. Qd2 Nc4 33. Qf2 Re5 34. Kg1 Ne3 35. Re1 Nxd5 36. Bxd5+ Qxd5 37. Nf3 Rxe1+ 38. Qxe1 Ne6 39. Kh2 Qe4 40. Qf2 Nc5 41. Qg3 Qe7 42. Qf4 Nd3 43. Qd4 Ne5 44. Qd5+ Kg7 45. Nd4 h5 46. b3 Qh4 47. Ne6+ Kf6 48. g3 Ng4+ 0-1

[Event "Olympiad Women-38"]
[Site "Dresden"]
[Date "2008.11.25"]
[Round "11"]
[White "Sanchez, Ingrid"]
[Black "Osmanodja, Filiz"]
[Result "0-1"]
[WhiteElo "1952"]
[BlackElo "1939"]
[PlyCount "96"]
[EventDate "2008.11.13"]
[EventType "team-swiss"]
[EventRounds "11"]
[EventCountry "GER"]
[SourceTitle "CBM 128"]
[Source "ChessBase"]
[SourceDate "2009.01.28"]
[SourceVersion "1"]
[SourceVersionDate "2009.01.28"]
[SourceQuality "1"]
[WhiteTeam "El Salvador (W)"]
[BlackTeam "Germany (W) III"]
[WhiteTeamCountry "ESA"]
[BlackTeamCountry "GER"]

1. e4 c5 2. Nf3 d6 3. d4 cxd4 4. Nxd4 Nf6 5. Nc3 a6 6. Be3 e5 7. Nb3 Be7 8. f3 Be6 9. Qd2 0-0 10. g4 d5 11. g5 Nxe4 12. fxe4 d4 13. Nxd4 exd4 14. Qxd4 Bxg5 15. Qxd8 Bxd8 16. 0-0-0 Nc6 17. Nd5 Bg4 18. Rd2 Re8 19. Bg2 Ne5 20. h3 Bh5 21. Nf4 Bf3 22. Nd3 Bxg2 23. Rxg2 Ng6 24. Nf2 Bh4 25. Rd1 Bxf2 26. Bxf2 Rxe4 27. Bg3 Ne5 28. Bxe5 Rxe5 29. Rd7 b5 30. Rf2 f5 31. h4 g6 32. Kd2 Rae8 33. a3 R8e7 34. Rxe7 Rxe7 35. h5 Kg7 36. b3 Re4 37. Kd3 Kf6 38. hxg6 hxg6 39. c4 bxc4+ 40. bxc4 Ke5 41. Rg2 Rg4 42. Re2+ Kd6 43. a4 Re4 44. Rg2 Re6 45. Kd4 f4 46. c5+ Kc7 47. Kd5 f3 48. Rh2 Re7 0-1

[Event "Olympiad Women-38"]
[Site "Dresden"]
[Date "2008.11.16"]
[Round "4"]
[White "Sanchez, Ingrid"]
[Black "Oliver, Shannon"]
[Result "1/2-1/2"]
[WhiteElo "1952"]
[BlackElo "1942"]
[PlyCount "102"]
[EventDate "2008.11.13"]
[EventType "team-swiss"]
[EventRounds "11"]
[EventCountry "GER"]
[SourceTitle "CBM 128"]
[Source "ChessBase"]
[SourceDate "2009.01.28"]
[SourceVersion "1"]
[SourceVersionDate "2009.01.28"]
[SourceQuality "1"]
[WhiteTeam "El Salvador (W)"]
[BlackTeam "Australia (W)"]
[WhiteTeamCountry "ESA"]
[BlackTeamCountry "AUS"]

1. e4 c5 2. Nf3 d6 3. d4 cxd4 4. Nxd4 Nf6 5. Nc3 g6 6. Be3 Bg7 7. f3 0-0 8. Qd2 Nc6 9. Bc4 Bd7 10. 0-0-0 Na5 11. Be2 Rb8 12. h4 b5 13. h5 Nc4 14. Bxc4 bxc4 15. hxg6 fxg6 16. Bh6 Qb6 17. b3 Bxh6 18. Qxh6 Rf7 19. Nde2 Qb4 20. Qe3 a5 21. Rd4 Qa3+ 22. Kd2 cxb3 23. axb3 Rc8 24. Ke1 Qa1+ 25. Rd1 Qa3 26. g4 Rc5 27. Rd4 e5 28. Rd3 Bxg4 29. fxg4 Nxg4 30. Qg3 Nf2 31. Qxf2 Rxf2 32. Kxf2 Rc7 33. Rhd1 Qc5+ 34. Kg2 Rf7 35. Rf3 Rxf3 36. Kxf3 Kg7 37. Rd5 Qc7 38. Rd3 h5 39. Kg2 h4 40. Ng1 Kh6 41. Nh3 g5 42. Nf2 Kh5 43. Rf3 Qc5 44. Nd5 Qxc2 45. Nf6+ Kg6 46. N6g4 Kg7 47. Rd3 Qc5 48. Kh3 Qb4 49. Kg2 Qc5 50. Kh3 Qb4 51. Kg2 Qc5 1/2-1/2